1461 1810 1102 1167 1596 1694 1529 1039 1528 1845 1981 1714 1645 1838 1788 1826 1614 1384 1765 1126 1176 1494 1701 1868 1180 1150 1189 1708 1353 1663 1756 1391 1124 1086 1327 1251 1031 1208 1279 1962 1788 1620 1977 1812 1873 1471 1964 1998 1637 1979 1296 1467 1975 1059 1750 1713 1132 1514 1661 1438 1801 1160 1772 1853 1241 1373 1060 1865 1515 1288 1946 1803 1335 1186 1643 1528 1534 1208 1846 1714 1892 1624 1928 1987 1413 1708 1277 1437 1828 1607 1248 1914 1824 1087 1182 1756 1890 1025 1869 BCNSPRNW ULIB Ver.6.0+V

เปลี่ยนเป็นภาษาไทย

Change to English
 แสดงรายละเอียดบรรณานุกรม
  กลับหน้าหลัก

Brief Record : Get Marc (ISO 2709) : E-mail record : QR code < ปิดหน้าต่าง
LEADER : 00000nam 2200000uu 4500
001    13399126791
003     ULIB
008    190306s2560||||th 000 0 tha d
020    ^a9786163660480
050    ^aนว^bน472ช
100    ^aนายตะวัน
245    ^aเชลยรักอินทรีร้าย ซีรีส์ชุดราชสีห์/^cนายตะวัน
260    ^aกรุงเทพฯ :^bแสงจันทร์นวล,^c2560
300    ^a479 หน้า;^b21 ซม.
490 0  ^aราชสีห์ ;^v6
650    ^aนวนิยาย
945    ^p350^l0^i27286
999    ^aกัณชพร จุลอักษร
รายการนี้ยังไม่มีแท็ก
คุณยังไม่ได้ล็อกอิน คุณสามารถมีกิจกรรมร่วมกับเว็บไซต์ได้ แต่ต้องล็อกอินก่อน ::
  ล็อกอิน

รายการสื่อสารสนเทศ

ลำดับที่ ประเภท เลขเรียก/บาร์โค้ด สถานที่ สถานะ
1. วิทยาศาสตร์การแพทย์ และสุขภาพ
วิทยาศาสตร์การแพทย์ และสุขภาพ
นว น472ช ฉ.1 
  Barcode: 27286
ห้องสมุดวิทยาเขตสวรรค์ประชารักษ์
►นวนิยาย
บนชั้น
  ขอยืม

รายการใกล้เคียง
    ผู้แต่ง [นายตะวัน]

    หัวเรื่อง [นวนิยาย]

BibComment


ยังไม่เคยถูกคอมเมนท์

คอมเมนท์ทรัพยากรรายการนี้
  คอมเมนท์: เชลยรักอินทรีร้า..


 Copyright 2026. Bcnsprnw @Library